000 00484pab a2200169 454500
008 180718b1998 xxu||||| |||| 00| 0 eng d
100 _aLeones, J.P.
245 _aNon farm activity and rural household income: evidence from Philippine microdata
260 _c1998
300 _ap.789-806
362 _aJul
650 _aEmployment - Philippines
650 _aIncome distribution
700 _aFeldman, S.
773 _aEconomic Development and Cultural Change
909 _a39034
999 _c39034
_d39034